00290 a2200133 450000100060000002000180000604000220002410000190004624000320006524500210009730000080011836200090012665000210013568110 a9783126069809 cAnchieta - Pituba aWidlock, Beate10aDaF für Kinderldeu / ger10aDaF für Kinder a2000 a2015 4aLíngua alemã